Truyện ngắn
Đã lưu trong:
| Príomhúdar: | |
|---|---|
| Formáid: | Leabhar |
| Teanga: | Vietnamese |
| Foilsithe: |
H.
Văn học
2005
|
| Ábhair: | |
| Clibeanna: |
Cuir Clib Leis
Gan Chlibeanna, Bí ar an gcéad duine leis an taifead seo a chlibeáil!
|
| Thư viện lưu trữ: | Mạng thư viện Đại học Đà Nẵng |
|---|
| LEADER | 01088nam a2200337 4500 | ||
|---|---|---|---|
| 001 | 000005804 | ||
| 003 | 1955 | ||
| 005 | 20120416110423.0 | ||
| 008 | 110823s2005 viesd | ||
| 020 | |c 40000đ | ||
| 041 | 0 | |a vie | |
| 082 | |a 895.9223 |b VU-P | ||
| 100 | 0 | |a Vũ Trọng Phụng | |
| 245 | 0 | |a Truyện ngắn |c Vũ Trọng Phụng ; Lời bạt Lê Thị Đức Hạnh | |
| 260 | |a H. |b Văn học |c 2005 | ||
| 300 | |a 390 tr |c 19 cm | ||
| 653 | |a Văn học hiện đại | ||
| 653 | |a Việt Nam | ||
| 653 | |a Truyện ngắn | ||
| 700 | |a Vũ Trọng Phụng | ||
| 910 | |a Nguyễn Thị Kim Oanh |d 23/08/2011 | ||
| OWN | |a LSP | ||
| AVA | |a UDN50 |b LSP |d 895.9223 VU-P |e available |t Error 5001 Not defined in file expand_doc_bib_avail. |f 9 |g 0 |h N |i 0 |k 1 | ||
| 999 | |a From the UDN01 | ||
| AVA | |a UDN50 |b LSP |d 895.9223 VU-P |e available |t Error 5001 Not defined in file expand_doc_bib_avail. |f 9 |g 0 |h N |i 0 |k 1 | ||
| TYP | |a Monograph | ||
| TYP | |a Printed language | ||
| 980 | |a Mạng thư viện Đại học Đà Nẵng | ||